Quizzes
Events
Quiz Creation
Community
Videos
Private Events
Remove Ads
Sign In
Join for FREE
Feedback
Dark Mode
Quiz Categories
Sports
Geography
Music
Movies
Television
Just For Fun
Miscellaneous
History
Literature
Language
Science
Gaming
Entertainment
Religion
Holiday
For Kids
Quiz Lab
Recent
Popular Today
Quiz Kudos Today
Editor Picks
Curator Picks
Quizzes by...
Day
Popularity
Type
Ratings
Length
Year
Community
Subscriptions
Recent Discussions
Orange Saloon
Badges
Playlists
Quests
Create
Leaderboards
Showdown
Live 5
Trivia Bingo
Activity
Puzzle Library
Sporcle Events
Private Events
Virtual Trivia
Globe League
Become a Host
Pub Owners
SporcleCon
Opinionation
Our Games
Videos
Blog
Mobile Apps
Partnerships
Remove Ads and Go Orange
Feedback
Sports
Athletes
MLB
NBA
NHL
NFL
Soccer
Sports Teams
WWE
NCAA
Football
Premier League
Basketball
Baseball
Hockey
Golf
Tennis
Cricket
Rugby
Auto Racing
Olympics
World Cup
Sports
Athletes
MLB
NBA
NHL
NFL
Soccer
Sports Teams
WWE
NCAA
Football
Premier League
Basketball
Baseball
Hockey
Golf
Tennis
Cricket
Rugby
Auto Racing
Olympics
World Cup
Random Quiz
Search Sporcle
×
Quiz Lab
Quiz Lab
Sports
Soccer
Type in answers that appear in a list
Type in answers that appear in a list
Classic
Best Score? Go Orange.
First XI: Pulis - Crystal Palace Stats
Can you name Pulis' XI's
By
ol98
5m
22 Questions
205 Plays
205 Plays
205 Plays
Comments
Comments
Give Quiz Kudos
Give Quiz Kudos
-
- Ratings
hide this ad
More Info
Replay
Link that replays current quiz
Next Quiz
Link to next quiz in quiz playlist
You Got
0%
They Got
Avg Score
50%
Avg Friend Score
Upgrade to see
Score Distribution
Jump to the score distribution portion of the page
Score
0/22
Timer
05:00
0
Plays Today
Team and Competition
Player Name
% Correct
Norwich City, Premier League 2013
Julián Speroni
90.7%
West Bromwich Albion, FA Cup 2014
Julián Speroni
90.7%
Norwich City, Premier League 2013
Mile Jedinak
84.9%
West Bromwich Albion, FA Cup 2014
Yannick Bolasie
82.9%
Norwich City, Premier League 2013
Marouane Chamakh
81.5%
Norwich City, Premier League 2013
Joel Ward
79.5%
Norwich City, Premier League 2013
Damien Delaney
68.8%
West Bromwich Albion, FA Cup 2014
Damien Delaney
68.8%
West Bromwich Albion, FA Cup 2014
Adrian Mariappa
64.9%
Norwich City, Premier League 2013
Jason Puncheon
61%
West Bromwich Albion, FA Cup 2014
Jonathan Williams
57.1%
Team and Competition
Player Name
% Correct
West Bromwich Albion, FA Cup 2014
Dwight Gayle
46.8%
Norwich City, Premier League 2013
Kagisho Dikgacoi
29.8%
Norwich City, Premier League 2013
Barry Bannan
29.8%
West Bromwich Albion, FA Cup 2014
Kagisho Dikgacoi
29.8%
West Bromwich Albion, FA Cup 2014
Barry Bannan
29.8%
Norwich City, Premier League 2013
Danny Gabbidon
28.3%
West Bromwich Albion, FA Cup 2014
Danny Gabbidon
28.3%
West Bromwich Albion, FA Cup 2014
Jonathan Parr
17.6%
Norwich City, Premier League 2013
Dean Moxey
17.1%
Norwich City, Premier League 2013
Cameron Jerome
12.7%
West Bromwich Albion, FA Cup 2014
Hiram Boateng
4.4%
Quiz Playlist
Details
Report
Send in Message
Add To Playlist
More Info:
Can you name the lineups for Pulis' first Crystal Palace games in the given competitions.
Classic:
Type in answers that appear in a list
Quiz Source
Last Updated: Nov 23, 2020
Quiz Scoreboard
CHALLENGE
Sign Up to Join the Scoreboard
Show All
Scores
Hide
Comments
May contain spoilers
Recently Published
College Basketball Coaching Resumes
by pancakes188
Sports
9m
Billboard Blitz: Fleetwood Mac
by CooCooCachoo
Music
15s
Presidents Visiting Landmarks
by Hejman
History
7m
More to Explore
Quiz From the Vault
Featured Blog Post
Where Did the Easter Bunny Come From?
hide this ad
You Might Also Like...
Tags
Football Quiz
Premier League Quiz
Soccer Quiz
Crystal Palace
FA Cup
Today's Top Quizzes in Sports
Browse Sports
hide this ad
Today's Top Quizzes in Soccer
Browse Soccer
Top Contributed Quizzes in Sports
1
2022 World Cup Stars
2
Les meilleurs buteurs des matchs entre le PSG et l’OM
3
FIFA Club World Cup Champions
4
Les entraîneurs de l'OM et du PSG au 21e siècle
5
Criteria MLB: Left Handed Sluggers
6
AFC Teams Reveal (Wrong Answers Minefield)
7
5-to-1: UK Sports Teams
8
5-to-1: FBS Animal Nicknames
9
2023 MLB Unique Player Accomplishments
10
Name the Premier League winners with different clubs
Explore More
Trending Topics
NBA
Marvel
Disney
Kpop
Crossword
Harry Potter
Anime
NFL
Soccer
Country
Puzzle
Song
Pokémon
WWE
The Office
hide this ad
More By:
ol98
Quiz
Plays
Rating
Category
Featured
Created
Champions League Quiz 2018/19
175,800
2.53
Sports
Jun 7, 2019
Premier League Golden Boot Runners Up
33,815
4.76
Sports
Aug 1, 2019
Ballon d'Or Without Messi and Ronaldo
23,749
5.00
Sports
Feb 27, 2020
World Cup 2018 Quiz
19,438
2.80
Sports
Jun 9, 2019
Lionel Messi's 4+ Goals XI's
13,202
5.00
Sports
Dec 22, 2019
Go to Creator's Profile
Score Distribution
Quiz Creator Spotlight
ol98
Follow
Send a Message
Quizzes Created
-
Created Quiz Play Count
-
More By This Creator
Popular Quizzes Today
1
Find the US States - No Outlines Minefield
2
Find the Countries of Europe - No Outlines Minefield
3
The Countries of the World
4
Find the US States
5
Risky Map Clicking: Biggest States A-Z
6
US States
7
Popular People in 1961
8
Movies - When Are They Set?
More Sports Quizzes
UEFA European Championship 1984 - starting XIs
Quiz Lab
Trending Quizzes
Risky Map Clicking: Least Populous States A-Z
1-10 Letter G Words
1-10 Letter F Words
Risky Map Clicking: Next State Alphabetically
Risky Map Clicking: Biggest States A-Z
Recently Updated
Leaping Animals
pecheneg
Reality TV Shows (A-Z)
bhenderson79
Rickey Henderson's Hall of Fame Teammates
pecheneg
Champions League XIs: Arsenal
pecheneg
Quick Pick: Celebrities in WWE's Hall of Fame
aduchscher
A-Z Keypad Blitz II
pecheneg
Multiple Oscar Actors
pecheneg
Mystery Phrase Blitz: Oscar 'Best Actors'
pecheneg
F. Scott Fitzgerald Novels
LTH
Pick 3 Villains
ddd62291
Trending Topics
Crossword
Anime
NBA
Disney
Harry Potter
Marvel
Kpop
NFL
Country
WWE
Puzzle
Song
Soccer
The Office
Pokémon
Your Account Isn't Verified!
In order to create a playlist on Sporcle, you need to verify the email address you used during registration. Go to your
Sporcle Settings
to finish the process.
Report this User
Report this user for behavior that violates our
Community Guidelines
.
Details:
Send Report
Go to the Sporcle.com Mobile Site →
Comments